| 000 | 00978nam a22003137a 4500 | ||
|---|---|---|---|
| 001 | 000047207 | ||
| 003 | CHAP | ||
| 005 | 20220329140038.0 | ||
| 008 | 971013s1966 r 00010 d | ||
| 010 | _a46147 | ||
| 011 | _a47119 | ||
| 035 | _a51261 | ||
| 040 | _cCHAP | ||
| 090 | _aFolleto 527 | ||
| 110 | 2 |
_aUnión Geográfica Internacional. Conferencia Regional Latinoamericana. México, 1966. _9116228 |
|
| 245 | 1 | 0 | _aLista de miembros ordinarios. |
| 260 |
_aMéxico, D.F. : _bSociedad Mexicana de Geografía y Estadística, _c1966. |
||
| 300 | _a34 p. | ||
| 590 |
_aBATCH-UPD _b10 _c20130110 _lUCH01 _h2129 |
||
| 590 |
_aBATCH-UPD _b10 _c20130410 _lUCH01 _h1558 |
||
| 590 |
_aBATCH-UPD _b10 _c20130914 _lUCH01 _h1604 |
||
| 590 |
_aCONVERSION _b10 _c20130109 _lUCH01 _h1325 |
||
| 590 |
_aE5995AHE _b05 _c20141112 _lUCH01 _h1123 |
||
| 650 | 1 | 4 |
_aGeógrafos. _947662 |
| 901 | _aBK | ||
| 942 | _cFOLL | ||
| 942 | _n0 | ||
| 949 |
_aFolleto 527 _bBC _cFOLL _d-114770 _eTS1 _i51261 _si |
||
| 999 |
_c46147 _d46147 |
||